| 000 | 01284cam a2200313 i 4500 | ||
|---|---|---|---|
| 003 | SA_RiAUC | ||
| 003 | SA-RiAUC | ||
| 005 | 20250414080639.0 | ||
| 008 | 250414s2006 su g b f000r0 ara c | ||
| 020 | _a9960025373 | ||
| 040 |
_aSA-MaUQU _bara _cSA-RiAUC _erda |
||
| 050 | 4 | _bI37 | |
| 082 | 0 | 4 |
_a257.2 _qSA-RiAUC |
| 090 |
_a257.2 _b ا د ر |
||
| 100 | 1 |
_aالإدريسي، ألبان بن محفوظ _eمؤلف. |
|
| 245 | 1 | 2 |
_aالموارد المالية للدولة الإسلامية في العصر الأموي / _cألبان بن محفوظ الإدريسي. |
| 250 | _aالطبعة الأولى. | ||
| 264 | 1 |
_aالمدينة المنورة : _bالجامعة الإسلامية، _c2006 |
|
| 300 |
_a537 صفحة ؛ _c24 سم |
||
| 336 |
_aنص _btxt _2rdacontent _3كتاب |
||
| 337 |
_aبدون وسيط _bn _2rdamedia |
||
| 338 |
_aمجلد _bnc _2rdacarrier |
||
| 500 | _aملاحق : صفحة 489-498. | ||
| 504 | _aببليوجرافية : صفحة 499-530. | ||
| 650 | 7 |
_aالنظام المالي في الإسلام _2aucsh |
|
| 650 | 7 |
_aالموارد الاقتصادية _zالبلاد الإسلامية _xتاريخ _yالعصر الأموي، 661-750 _2aucsh |
|
| 942 |
_2ddc _cBOOK _n0 |
||
| 949 |
_aSA-JeALM _d250414 _umohamedma123 _n1 |
||
| 999 |
_c7010 _d7010 |
||